00626cam a22001932 4500001001100000005001700011008004100028020002600069040001500095050002800110100003300138245007800171260005900249300001100308440002900319600003300348651004800381852000300429000000275620151217155817.0070419s xx 000 0 eng d a9966468994 :cKES 380 aKABUcKABU 0aDT433.582b.K54K54 19981 aKihoro, Wanyiri.@000015227010aNever say die :bthe chronicle of a political prisoner /cWanyiri Kihoro. aNairobi :bEast African Educational Publishers,c1998. a315 p. 0aPeak library@000015212210aKihoro, Wanyiri.@0000152270 0aKenyaxPolitics and government.@00001497931